000 00800nam a2200265Ia 4500
003 OSt
005 20220918164815.0
006 a|||||r|||| 00| 0
007 ta
008 220917b |||||||| |||| 00| 0 eng d
020 _a0761997776 (hbk)
024 _a233,026
037 _cTextual
040 _aARTS
_cARTS
_beng
041 _2eng
_aeng
082 _aS:55.49G, P4
100 _aSrivastava Sanjay Ed.
_920961
245 0 _aSexual sites, seminal attitudes
_b sexualities, masculinities and culture in South Asia
260 _aNew Delhi
_bSage Publications India
_c2004
300 _a410p.
_ccm.
490 _aStudies on contemporary south Asia no. 4
650 _aPSYCHOLOGY
942 _hS:55.49G, P4
_cTEXL
_2CC
999 _c126755
_d126755